000 00481pab a2200181 454500
008 180718b2006 xxu||||| |||| 00| 0 eng d
100 _aTripathy, K.K.
245 _aBharat Nirman: reforming rural economy through quality infrastructure
260 _c2006
300 _ap.9-11.
362 _aOct
650 _aRural development - India
650 _aEconomic growth
650 _aRural economy - India
650 _aRural economy
773 _aKurukshetra
909 _a71857
999 _c71857
_d71857